书目信息 |
| 题名: |
UFO现象全记录
|
|
| 作者: | 闫艳 主编 | |
| 分册: | ||
| 出版信息: | 北京 中国方正出版社 2003 |
|
| 页数: | 306页 | |
| 开本: | 21cm | |
| 丛书名: | 发现系列 | |
| 单 册: | ||
| 中图分类: | N49 , I287 | |
| 科图分类: | ||
| 主题词: | 现象--UFO--科普读物 , 自然科学--普及读物 | |
| 电子资源: | ||
| ISBN: | 7-80107-465-3 | |
| 000 | 00685nam2 2200253 45 | |
| 001 | 012004000000 | |
| 005 | 20070409101929.84 | |
| 010 | @a7-80107-465-3@dCNY 24.50 | |
| 100 | @a20040630d2003 em y0chiy0121 ea | |
| 101 | 0 | @achi |
| 102 | @aCN@b110000 | |
| 105 | @aaf z 000yy | |
| 200 | 1 | @aUFO现象全记录@AUFO xian xiang quan ji lu@f闫艳主编@Fyan yan zhu bian |
| 210 | @a北京@c中国方正出版社@d2003 | |
| 215 | @a306页@c图@d21cm | |
| 225 | 2 | @a发现系列 |
| 410 | 0 | @12001 @a发现系列 |
| 606 | 0 | @a现象@xUFO@j科普读物 |
| 606 | 0 | @a自然科学@x普及读物 |
| 690 | @aN49@v3 | |
| 690 | @aI287@v4 | |
| 701 | 0 | @a闫艳@Ayan yan@4主编 |
| 801 | 0 | @aCN@c20070409 |
| 905 | @a10447@dN49@eY031 | |
| UFO现象全记录/闫艳主编.-北京:中国方正出版社,2003 |
| 306页:图;21cm.-(发现系列) |
| ISBN 7-80107-465-3:CNY 24.50 |
| ● |
| 相关链接 |
|
|
|
正题名:UFO现象全记录
索取号:N49/Y031
 
预约/预借
| 序号 | 登录号 | 条形码 | 馆藏地/架位号 | 状态 | 备注 |
| 1 | 398090 | 203980905 | 期刊室512/401自科库 139排2列4层/ [索取号:N49/Y031] | 在馆 | |
| 2 | 398091 | 203980914 | 期刊室512/401自科库 139排2列4层/ [索取号:N49/Y031] | 在馆 | |
| 3 | 398092 | 203980923 | 期刊室512/401自科库 139排2列4层/ [索取号:N49/Y031] | 在馆 | |
| 4 | 448941 | 204489419 | 自科库401/ [索取号:N49/Y031] | 在馆 | |
| 5 | 448942 | 204489428 | 期刊室512/401自科库 139排2列4层/ [索取号:N49/Y031] | 在馆 | |
| 6 | 448943 | 204489437 | 自科库401/401自科库 140排2列6层/ [索取号:N49/Y031] | 在馆 |